| 000 | 00653nam a2200169 i 4500 | ||
|---|---|---|---|
| 001 | 20016 | ||
| 003 | ES-MaACL | ||
| 005 | 20230906152220.0 | ||
| 007 | t| | ||
| 008 | 021111n1902 sp ||||1| spa d | ||
| 100 | 1 |
_aArmas y Fernández de Esterior, Gerardo R. de. _922932 |
|
| 245 | 1 | 0 |
_aMemoria [sobre "Bases para una nueva división administrativa de España] presentada para optar a el grado de Doctor en Derecho / _cpor Don Gerardo Armas y Fernandez de Esterior leida y sostenida el dia 13 de octubre de 1902. |
| 260 |
_a[S.l : _bs.n., _c1902 ?] |
||
| 300 |
_a74 p. ; _c22 cm. |
||
| 500 | _aEjemplar hectografiado. | ||
| 852 |
_aES-MaACL _jT-998-F-3 |
||
| 999 |
_c20016 _d20016 |
||